El Simbolismo judicial /
El estudio de las labores judiciales en una sociedad, debe arrancar sobre los efectos que ocasiona, en los jueces, el lenguaje jurídico
Salvato in:
| Autore principale: | |
|---|---|
| Natura: | testo |
| Soggetti: | |
| Tags: |
Aggiungi Tag
Nessun Tag, puoi essere il primo ad aggiungerne!!
|
MARC
| LEADER | 00000 a a2200000 04500 | ||
|---|---|---|---|
| 001 | 15321 | ||
| 003 | |||
| 040 | |||
| 100 | |a González Solano, Gustavo | ||
| 245 | |a El Simbolismo judicial / |c Gustavo González Solano | ||
| 520 | |a El estudio de las labores judiciales en una sociedad, debe arrancar sobre los efectos que ocasiona, en los jueces, el lenguaje jurídico | ||
| 650 | |a JUECES | ||
| 650 | |a JURISPRUDENCIA | ||
| 650 | |a DERECHO | ||
| 773 | |g número 99 (I); páginas 97-106 | ||
| 999 | |c 34670 |d 34670 | ||
| 773 | 0 | |0 18728 |9 3038 |a Universidad de Costa Rica |d San José, Costa Rica Editorial UCR 1956- |o 17122 |t Revista de Ciencias Sociales/ |x 04825276 | |
